[Event "Belgrade-chT Quality"]
[Site "Belgrade"]
[Date "2019.10.29"]
[Round "9.6"]
[White "Vukojicic, Spasoje"]
[Black "Ugrcic, Zoran"]
[Result "0-1"]
[WhiteElo "1630"]
[BlackElo "1941"]
[PlyCount "104"]
[EventDate "2019.10.05"]
[EventType "team-tourn"]
[EventRounds "11"]
[EventCountry "SRB"]
[SourceTitle "EXT 2022"]
[Source "ChessBase"]
[SourceDate "2021.10.06"]
[SourceVersion "1"]
[SourceVersionDate "2021.10.06"]
[SourceQuality "1"]
[WhiteTeam "Delfin"]
[BlackTeam "Cukaricki"]
[WhiteTeamCountry "SRB"]
[BlackTeamCountry "SRB"]

1. d4 e6 2. c4 f5 3. Nf3 Nf6 4. g3 Bb4+ 5. Bd2 Qe7 6. a3 Bxd2+ 7. Nbxd2 b6 8. Bg2 Bb7 9. 0-0 d6 10. Qc2 0-0 11. Rfd1 Nbd7 12. Ne1 Bxg2 13. Nxg2 e5 14. d5 Nc5 15. b4 Nce4 16. f3 Nxd2 17. Rxd2 g6 18. Re1 Rf7 19. Qc1 Raf8 20. Rc2 Nd7 21. Qd2 g5 22. e3 h5 23. Re2 Rg7 24. Ra2 h4 25. Ne1 Nf6 26. Rg2 h3 27. Re2 Qf7 28. Qc2 e4 29. f4 gxf4 30. exf4 Nh5 31. Qd2 Rg4 32. Kh1 Qg7 33. Qe3 Kh7 34. Rf2 Rg8 35. Rf1 Nxg3+ 36. hxg3 Rxg3 37. Qf2 Qg4 38. Qh2 Rg6 39. a4 Rh6 40. Raf2 Rg6 41. a5 Kg7 42. axb6 axb6 43. b5 Kf6 44. Ra2 Ke7 45. Raf2 Kd7 46. Ra2 Re3 47. Qf2 Rg3 48. Qh2 Qd1 49. Qd2 Qg4 50. Qh2 Qh5 51. Rd2 Qh8 52. Nc2 Rg2 0-1

[Event "Belgrade Trophy 32nd"]
[Site "Belgrade"]
[Date "2018.11.29"]
[Round "6"]
[White "Ugrcic, Zoran"]
[Black "Krstic, Dimitrije"]
[Result "0-1"]
[WhiteElo "1971"]
[BlackElo "1424"]
[PlyCount "91"]
[EventDate "2018.11.24"]
[EventType "swiss"]
[EventRounds "9"]
[EventCountry "SRB"]
[SourceTitle "CBM 187 Extra"]
[Source "ChessBase"]
[SourceDate "2018.11.04"]
[SourceVersion "1"]
[SourceVersionDate "2018.11.04"]
[SourceQuality "1"]

1. Nf3 Nf6 2. d4 c5 3. c4 cxd4 4. Nxd4 e5 5. Nc2 Nc6 6. Nc3 Bc5 7. e3 d6 8. Be2 Bf5 9. 0-0 h5 10. Bd2 e4 11. Na4 Ng4 12. Nxc5 dxc5 13. f4 Qh4 14. h3 Qg3 15. Bxg4 Bxg4 16. Qe1 Qxe1 17. Rfxe1 Rd8 18. Bc3 Bf5 19. Rad1 Ke7 20. Kf2 Rhg8 21. Rxd8 Rxd8 22. Ke2 g6 23. Rb1 a5 24. Rd1 Rxd1 25. Kxd1 Be6 26. b3 Kd6 27. Ke2 Ne7 28. Bxa5 Kc6 29. Na3 b6 30. Bc3 Nf5 31. Be5 Ng3+ 32. Ke1 Nf5 33. Kf2 Bd7 34. Nb5 Be6 35. Nc3 Nh6 36. Nxe4 Bf5 37. Kf3 Ng4 38. Nc3 Nxe5+ 39. fxe5 g5 40. e4 Be6 41. a4 Kb7 42. Nd5 Ka7 43. Ke3 Ka6 44. Ke2 g4 45. hxg4 hxg4 46. Kd3 0-1

[Event "Belgrade Trophy 32nd"]
[Site "Belgrade"]
[Date "2018.11.27"]
[Round "4"]
[White "Ugrcic, Zoran"]
[Black "Uzelac, Dusan"]
[Result "1-0"]
[WhiteElo "1971"]
[BlackElo "1697"]
[PlyCount "66"]
[EventDate "2018.11.24"]
[EventType "swiss"]
[EventRounds "9"]
[EventCountry "SRB"]
[SourceTitle "CBM 187 Extra"]
[Source "ChessBase"]
[SourceDate "2018.11.04"]
[SourceVersion "1"]
[SourceVersionDate "2018.11.04"]
[SourceQuality "1"]

1. Nf3 d5 2. d4 Nf6 3. g3 e6 4. Bg2 h6 5. 0-0 Bd6 6. c4 dxc4 7. Qa4+ Qd7 8. Qxc4 0-0 9. Nc3 c6 10. e4 b5 11. Qd3 Bc7 12. Be3 b4 13. Ne2 Ba6 14. Qc2 Bxe2 15. Qxe2 Nxe4 16. Bxh6 Nxg3 17. hxg3 gxh6 18. Qd2 Kg7 19. Qxb4 Bd6 20. Qc3 f6 21. Rac1 Rc8 22. Nh4 a5 23. Rfe1 Bb4 24. Qd3 f5 25. Re2 Ra7 26. a3 Be7 27. Nf3 Bf6 28. Rce1 Re8 29. Qc4 Kf7 30. Bh3 Kg6 31. Rxe6 Rxe6 32. Rxe6 Qb7 33. Nh4+ Kg5 1-0

[Event "Belgrade-chT"]
[Site "Belgrade"]
[Date "2018.05.11"]
[Round "5"]
[White "Colic, Vladimir"]
[Black "Ugrcic, Zoran"]
[Result "0-1"]
[WhiteElo "1775"]
[BlackElo "1987"]
[PlyCount "60"]
[EventDate "2018.05.07"]
[EventType "team-swiss"]
[EventRounds "5"]
[EventCountry "SRB"]
[SourceTitle "CBM 184 Extra"]
[Source "ChessBase"]
[SourceDate "2018.06.28"]
[SourceVersion "1"]
[SourceVersionDate "2018.06.28"]
[SourceQuality "1"]
[WhiteTeam "Belgrade 15 April"]
[BlackTeam "Belgrade Cukaricki"]
[WhiteTeamCountry "SRB"]
[BlackTeamCountry "SRB"]

1. Nf3 f5 2. e4 fxe4 3. Ng5 Nf6 4. d3 e5 5. dxe4 c6 6. Nc3 Bb4 7. Bc4 d5 8. exd5 cxd5 9. Bb5+ Nc6 10. 0-0 0-0 11. a3 Bc5 12. Na4 Be7 13. b4 Nd4 14. Be2 h6 15. Nf3 Nxe2+ 16. Qxe2 Bg4 17. Qxe5 Bxf3 18. gxf3 Bd6 19. Qe6+ Kh8 20. Kh1 Re8 21. Qh3 Re2 22. Be3 Be5 23. Rad1 Qe8 24. Nc5 b6 25. Nd3 d4 26. Bc1 Qc8 27. Qh4 Qf5 28. Nxe5 Rxe5 29. Rd3 Rae8 30. Qf4 Qh3 0-1

[Event "Belgrade-chT"]
[Site "Belgrade"]
[Date "2018.05.10"]
[Round "4"]
[White "Ugrcic, Zoran"]
[Black "Ruzicic, Momcilo"]
[Result "1-0"]
[WhiteElo "1987"]
[BlackElo "1553"]
[PlyCount "39"]
[EventDate "2018.05.07"]
[EventType "team-swiss"]
[EventRounds "5"]
[EventCountry "SRB"]
[SourceTitle "CBM 184 Extra"]
[Source "ChessBase"]
[SourceDate "2018.06.28"]
[SourceVersion "1"]
[SourceVersionDate "2018.06.28"]
[SourceQuality "1"]
[WhiteTeam "Belgrade Cukaricki"]
[BlackTeam "Belgrade Pogledi II"]
[WhiteTeamCountry "SRB"]
[BlackTeamCountry "SRB"]

1. Nf3 c5 2. b3 Nc6 3. Bb2 d6 4. e3 Nf6 5. d4 Bg4 6. Be2 Qa5+ 7. Nbd2 0-0-0 8. 0-0 d5 9. dxc5 Ne4 10. Nxe4 dxe4 11. Nd4 Bxe2 12. Qxe2 Qxc5 13. Nxc6 Qxc6 14. Rfd1 Rxd1+ 15. Rxd1 e6 16. Rd4 Kb8 17. Qh5 Be7 18. Qe5+ Ka8 19. Qxg7 Rf8 20. Qxf8+ 1-0

[Event "Belgrade Trophy 30th"]
[Site "Belgrade"]
[Date "2016.11.26"]
[Round "3"]
[White "Ugrcic, Zoran"]
[Black "Abramovic, Bosko"]
[Result "0-1"]
[WhiteElo "2044"]
[BlackElo "2420"]
[PlyCount "56"]
[EventDate "2016.11.24"]
[EventType "swiss"]
[EventRounds "9"]
[EventCountry "SRB"]
[SourceTitle "CBM 175 Extra"]
[Source "ChessBase"]
[SourceDate "2016.12.12"]
[SourceVersion "1"]
[SourceVersionDate "2016.12.12"]
[SourceQuality "1"]

1. Nf3 Nf6 2. d4 d5 3. g3 c6 4. Bg2 Bf5 5. 0-0 Nbd7 6. Nbd2 h6 7. c4 e6 8. b3 Be7 9. Bb2 0-0 10. Ne5 a5 11. Ndf3 a4 12. Nxd7 Nxd7 13. Bc3 Be4 14. Nd2 Bxg2 15. Kxg2 f5 16. Qc2 b5 17. cxb5 cxb5 18. bxa4 Rxa4 19. Rfb1 Qa8 20. Nf3 Rc8 21. Qd2 Nf6 22. Bb4 Ne4 23. Qd1 Bxb4 24. Rxb4 Rxa2 25. Rxa2 Qxa2 26. Rxb5 Rc2 27. Rb8+ Kh7 28. Ng1 Rd2 0-1

[Event "Belgrade-chT"]
[Site "Belgrade"]
[Date "2014.10.05"]
[Round "2"]
[White "Sivacki, Milorad"]
[Black "Ugrcic, Zoran"]
[Result "1/2-1/2"]
[WhiteElo "2129"]
[BlackElo "2032"]
[PlyCount "68"]
[EventDate "2014.10.04"]
[EventType "team-tourn"]
[EventRounds "13"]
[EventCountry "SRB"]
[SourceTitle "EXT 2015"]
[Source "ChessBase"]
[SourceDate "2014.11.20"]
[SourceVersion "1"]
[SourceVersionDate "2014.11.20"]
[SourceQuality "1"]

1. d4 f5 2. Nf3 g6 3. g3 Nf6 4. Bg2 Bg7 5. 0-0 0-0 6. c4 d6 7. Nc3 c6 8. Qc2 Qc7 9. e4 Nxe4 10. Nxe4 fxe4 11. Qxe4 Bf5 12. Qe3 Na6 13. Bd2 Rad8 14. Bc3 Bg4 15. Nd2 e5 16. d5 c5 17. Ne4 Qe7 18. a3 Nc7 19. b4 b6 20. Rab1 Rb8 21. Rb2 Bf5 22. bxc5 bxc5 23. Rfb1 Rxb2 24. Rxb2 Bxe4 25. Qxe4 Ne8 26. Qb1 Qg5 27. Bh3 Nf6 28. Rb8 h5 29. Rxf8+ Bxf8 30. Qc2 Ng4 31. Bg2 Bh6 32. Be4 Kf7 33. Qb2 Qc1+ 34. Kg2 Qxb2 1/2-1/2

[Event "Belgrade Trophy 27th"]
[Site "Obrenovac"]
[Date "2013.12.01"]
[Round "8"]
[White "Ugrcic, Zoran"]
[Black "Djokic, Nebojsa"]
[Result "0-1"]
[WhiteElo "2054"]
[BlackElo "2200"]
[PlyCount "50"]
[EventDate "2013.11.24"]
[EventType "swiss"]
[EventRounds "9"]
[EventCountry "SRB"]
[SourceTitle "CBM 157 Extra"]
[Source "ChessBase"]
[SourceDate "2013.12.19"]
[SourceVersion "1"]
[SourceVersionDate "2013.12.19"]
[SourceQuality "1"]

1. Nf3 Nf6 2. d4 g6 3. g3 Bg7 4. Bg2 0-0 5. c4 d6 6. 0-0 Nc6 7. Nc3 a6 8. Bg5 Rb8 9. Qd2 b5 10. cxb5 axb5 11. Rfc1 Bd7 12. d5 b4 13. Bxf6 exf6 14. Ne4 Na5 15. h4 Re8 16. Nd4 h6 17. f4 f5 18. Nf2 Nb7 19. Nc6 Bxc6 20. dxc6 Nc5 21. Rc4 b3 22. a3 Qf6 23. Rb1 Qe6 24. Rcc1 Qxe2 25. Qa5 Bd4 0-1

[Event "Belgrade Trophy 27th"]
[Site "Obrenovac"]
[Date "2013.11.30"]
[Round "7"]
[White "Jovanovic, Sasa T"]
[Black "Ugrcic, Zoran"]
[Result "1/2-1/2"]
[WhiteElo "2271"]
[BlackElo "2054"]
[PlyCount "125"]
[EventDate "2013.11.24"]
[EventType "swiss"]
[EventRounds "9"]
[EventCountry "SRB"]
[SourceTitle "CBM 157 Extra"]
[Source "ChessBase"]
[SourceDate "2013.12.19"]
[SourceVersion "1"]
[SourceVersionDate "2013.12.19"]
[SourceQuality "1"]

1. d4 f5 2. Nc3 g6 3. h4 d5 4. h5 Bg7 5. Nf3 Be6 6. Bf4 c6 7. Qd2 Nd7 8. Ng5 Bf7 9. g4 fxg4 10. 0-0-0 Ngf6 11. h6 Bf8 12. f3 e6 13. e4 Bb4 14. a3 Bxc3 15. Qxc3 0-0 16. Nxf7 Rxf7 17. Bg5 Nxe4 18. Bxd8 Nxc3 19. bxc3 Rxd8 20. fxg4 e5 21. g5 e4 22. Bh3 Rf3 23. Rdf1 Kf8 24. Rxf3+ exf3 25. Rf1 Ke7 26. Rxf3 Nb6 27. Re3+ Kf8 28. Bf1 Nc8 29. Bd3 Nd6 30. Re6 Nf7 31. Bxg6 hxg6 32. Rxg6 Rd6 33. Rg7 Nxg5 34. Rxg5 Rxh6 35. Re5 Kf7 36. Kb2 Re6 37. Rh5 Ke8 38. Kb3 Kd7 39. c4 dxc4+ 40. Kxc4 Kc7 41. Rh7+ Kb6 42. c3 Re1 43. Rh6 Rd1 44. Rh7 Ra1 45. Kb3 Rb1+ 46. Kc2 Ra1 47. Kb2 Rd1 48. Rd7 Rd2+ 49. Kb3 Rd3 50. Kb4 a5+ 51. Kb3 Rg3 52. Re7 Rd3 53. Re5 Ka6 54. Re6 Kb6 55. Re2 Rd1 56. Re7 Rb1+ 57. Kc2 Ra1 58. Kb2 Rd1 59. Rd7 Rd2+ 60. Kb3 Rd3 61. a4 Rd1 62. Re7 Rb1+ 63. Kc2 1/2-1/2

[Event "Belgrade Trophy 26th"]
[Site "Belgrade"]
[Date "2012.12.01"]
[Round "8"]
[White "Ugrcic, Zoran"]
[Black "Brankovic, Vladislav"]
[Result "1-0"]
[WhiteElo "2037"]
[BlackElo "1752"]
[PlyCount "147"]
[EventDate "2012.11.24"]
[EventType "swiss"]
[EventRounds "9"]
[EventCountry "SRB"]
[SourceTitle "CBM 151 Extra"]
[Source "ChessBase"]
[SourceDate "2012.12.18"]
[SourceVersion "1"]
[SourceVersionDate "2012.12.18"]
[SourceQuality "1"]

1. Nf3 d5 2. d4 Nf6 3. g3 c6 4. Bg2 e6 5. 0-0 Bd6 6. c4 0-0 7. Bg5 Nbd7 8. cxd5 exd5 9. Nc3 Re8 10. Re1 h6 11. Bxf6 Nxf6 12. Nd2 Qb6 13. Nb3 Bf5 14. e3 Re7 15. Qe2 Rae8 16. Nc5 Qc7 17. Nd3 Bg4 18. Qd2 Ne4 19. Nxe4 dxe4 20. Nc5 b6 21. Nb3 a5 22. Qc2 Be6 23. Rec1 Bd5 24. Nd2 f5 25. Nc4 Kh7 26. Qe2 g5 27. Nxd6 Qxd6 28. Qd2 Rg8 29. Re1 h5 30. a3 f4 31. b4 axb4 32. Qxb4 Qxb4 33. axb4 f3 34. Bf1 b5 35. Ra5 g4 36. Rea1 Kg6 37. Ra6 Kg5 38. Ra7 Rgg7 39. Rxe7 Rxe7 40. Ra5 Kf6 41. h3 Ke6 42. Ra8 Kd6 43. Kh2 Rb7 44. Rh8 Ra7 45. Rh6+ Be6 46. d5 cxd5 47. Bxb5 gxh3 48. Bf1 Ke5 49. Rxh5+ Kf6 50. Rh6+ Ke5 51. b5 Rb7 52. b6 Rxb6 53. Bxh3 Rd6 54. Bxe6 Rxe6 55. Rh5+ Kd6 56. g4 Kc5 57. Kg3 Kc4 58. Rh8 Rd6 59. Re8 Kd3 60. Ra8 Ke2 61. Ra2+ Kd3 62. g5 Rg6 63. Kf4 Rg8 64. Kg4 d4 65. exd4 Kxd4 66. Ra3 Rh8 67. g6 Rh2 68. Ra2 Rg2+ 69. Kf5 e3 70. Ra4+ Kd5 71. fxe3 f2 72. Rf4 Kd6 73. Kf6 Kd7 74. Kf7 1-0

[Event "Belgrade Trophy 26th"]
[Site "Belgrade"]
[Date "2012.11.26"]
[Round "3"]
[White "Savic, Miodrag R"]
[Black "Ugrcic, Zoran"]
[Result "1-0"]
[WhiteElo "2530"]
[BlackElo "2037"]
[PlyCount "43"]
[EventDate "2012.11.24"]
[EventType "swiss"]
[EventRounds "9"]
[EventCountry "SRB"]
[SourceTitle "CBM 151 Extra"]
[Source "ChessBase"]
[SourceDate "2012.12.18"]
[SourceVersion "1"]
[SourceVersionDate "2012.12.18"]
[SourceQuality "1"]

1. e4 c5 2. c3 d5 3. exd5 Qxd5 4. Nf3 Nf6 5. Na3 e6 6. Be2 Be7 7. 0-0 0-0 8. d4 cxd4 9. Nb5 Na6 10. Qxd4 b6 11. Qxd5 exd5 12. Nfd4 Bd7 13. Bf4 Nc5 14. Rfe1 Rfd8 15. Nc7 Rab8 16. Bb5 Nce4 17. Nxd5 Nxd5 18. Bxb8 Bxb5 19. Nxb5 Nxf2 20. Kxf2 Bc5+ 21. Kf3 Rxb8 22. Rad1 1-0

[Event "Belgrade-chT Quality"]
[Site "Belgrade"]
[Date "2011.11.04"]
[Round "11"]
[White "Cukic, Jaksa"]
[Black "Ugrcic, Zoran"]
[Result "0-1"]
[WhiteElo "1708"]
[BlackElo "2057"]
[PlyCount "70"]
[EventDate "2011.10.15"]
[EventType "team-swiss"]
[EventRounds "11"]
[EventCountry "SRB"]
[SourceTitle "EXT 2012"]
[Source "ChessBase"]
[SourceDate "2011.11.24"]
[SourceVersion "1"]
[SourceVersionDate "2011.11.24"]
[SourceQuality "1"]

1. e4 c5 2. c3 d5 3. exd5 Qxd5 4. d4 e6 5. Nf3 Nf6 6. Be2 Be7 7. 0-0 0-0 8. Qc2 Nc6 9. Rd1 b6 10. c4 Nb4 11. Qb3 Qf5 12. Bd3 Nxd3 13. Rxd3 Bb7 14. Nbd2 Rfd8 15. Nh4 Qg4 16. Ndf3 cxd4 17. h3 Qe4 18. Bd2 Rac8 19. Re1 Qc6 20. Ne5 Qc7 21. Bf4 Ne4 22. Neg6 Qd7 23. Nxe7+ Qxe7 24. Nf3 Nc5 25. Qb4 Qf6 26. Be5 Nxd3 27. Bxf6 Nxb4 28. Bxd8 Bxf3 29. Bxb6 axb6 30. gxf3 Rxc4 31. a3 Nd3 32. b3 Rc3 33. Rd1 e5 34. Kg2 Rxb3 35. Ra1 Rc3 0-1